000 00688nam a2200265Ia 4500
005 20260121164939.0
008 008 260114s9999 xx 000 0 eng d
020 _a9781461446996
037 _aEBOOK
040 _aCRL
040 _beng
040 _cCRL
041 _2eng
041 _aeng
084 _qCRL
100 _aDick Grune, Kees van Reeuwijk, Henri E. Bal, Ceriel J.H. Jacobs, Koen Langendoen
_91045633
245 0 _aModern Compiler Design
260 _bSpringer
260 _bSpringer
260 _c2012
856 _uhttps://link.springer.com/openurl?genre=book&isbn=978-1-4614-4699-6
942 _cEBOOK
999 _c1611356
_d1611356